000 00597nam a2200205Ii 4500
001 18543
003 CO-ViMGA
008 241108s9999||||xx |||||||||||||| ||und||
040 _aCO-ViMGA
_bspa
_erda
_cCO-ViMGA
041 0 _aspa
082 0 4 _a781.62861 C65m
110 1 _aColombia: Ministerio de Cultura
_91875
245 1 0 _aColombia canta
264 1 _aBogotá, Colombia : Ministerio de Cultura, 2010
300 _avolumen
336 _atext
_btxt
_2rdacontent
337 _aunmediated
_bn
_2rdamedia
338 _avolume
_bnc
_2rdacarrier
940 _aidficha_siabuc: 18205. -- ficha_no_siabuc:18543
999 _c48914
_d48914